Химическая промышленность: научно-технический журнал
| Forrige titel: | Журнал химической промышленности |
|---|---|
| Institution som forfatter: | |
| Summary: | С 2019 г. журнал выписан в электронном виде. Доступ с платформы eLibrary.ru На страницах журнала публикуются материалы по новым химическим технологиям, процессам и аппаратуре химических производств, технологии органических и неорганических веществ, а также промышленной экологии, включая: экономика и управление предприятием, энерго- и ресурсосбережение, безопасность производства, промышленная экология, автоматизация управления производством, каталитические процессы, технология полимеров, математическое моделирование и расчет технологических процессов, процессы и аппараты химических производств, технология органических и неорганических веществ, анализ сырья и химической продукции, оборудование химических производств. |
| Sprog: | russisk |
| Udgivet: |
Санкт-Петербург, Изд-во Теза, 1944-2006, 2019-
|
| Fag: | |
| Online adgang: | https://chemjournals.thesa.ru/chemprom/Cp.html https://elibrary.ru/title_about.asp?id=10600 |
| Format: | Electronisk Serial |
| KOHA link: | https://koha.lib.tpu.ru/cgi-bin/koha/opac-detail.pl?biblionumber=380222 |
MARC
| LEADER | 00000nas1a2200000 4500 | ||
|---|---|---|---|
| 001 | 380222 | ||
| 005 | 20231101062643.0 | ||
| 011 | |a 0023-110X | ||
| 035 | |a (RuTPU)RU\TPU\prd\1027 | ||
| 035 | |a PERI00001028 | ||
| 090 | |a 380222 | ||
| 100 | |a 20011210a19249999k y0rusy50 ca | ||
| 101 | 0 | |a rus | |
| 102 | |a RU | ||
| 110 | |a agaz|||0uu0 | ||
| 200 | 1 | |a Химическая промышленность |e научно-технический журнал |f ООО "ТЕЗА" | |
| 210 | |a Санкт-Петербург |c Изд-во Теза |d 1944-2006, 2019- | ||
| 300 | |a С 2019 г. журнал выписан в электронном виде. Доступ с платформы eLibrary.ru | ||
| 305 | |a Издается с 1924 г. | ||
| 326 | |a 6 выпусков в год | ||
| 330 | |a На страницах журнала публикуются материалы по новым химическим технологиям, процессам и аппаратуре химических производств, технологии органических и неорганических веществ, а также промышленной экологии, включая: экономика и управление предприятием, энерго- и ресурсосбережение, безопасность производства, промышленная экология, автоматизация управления производством, каталитические процессы, технология полимеров, математическое моделирование и расчет технологических процессов, процессы и аппараты химических производств, технология органических и неорганических веществ, анализ сырья и химической продукции, оборудование химических производств. | ||
| 430 | 1 | |0 (RuTPU)RU\TPU\prd\416 |x 0023-110X |t Журнал химической промышленности |o экономический и научно-технический журнал |f Орган НКХП СССР |c М. |n Госхимиздат |d 1924-1941 | |
| 469 | |0 (RuTPU)RU\TPU\subscr\60 | ||
| 610 | 1 | |a химия | |
| 610 | 1 | |a химическая промышленность | |
| 610 | 1 | |a экономика предприятия | |
| 610 | 1 | |a управление предприятием | |
| 610 | 1 | |a энергосбережение | |
| 610 | 1 | |a ресурсосбережение | |
| 610 | 1 | |a безопасность | |
| 610 | 1 | |a промышленная экология | |
| 610 | 1 | |a автоматизация | |
| 610 | 1 | |a каталитические процессы | |
| 610 | 1 | |a полимеры | |
| 610 | 1 | |a математическое моделирование | |
| 610 | 1 | |a химические производства | |
| 610 | 1 | |a органические вещества | |
| 610 | 1 | |a неорганические вещества | |
| 610 | 1 | |a сырье | |
| 610 | 1 | |a химическая продукция | |
| 610 | 1 | |a оборудование | |
| 675 | |a 66 |v 3 | ||
| 712 | 0 | 2 | |a ООО "ТЕЗА" |
| 801 | 0 | |a RU |b 63413507 |c 20011210 |g PSBO | |
| 801 | 2 | |a RU |b 63413507 |c 20210428 |g RCR | |
| 856 | 4 | 0 | |u https://chemjournals.thesa.ru/chemprom/Cp.html |
| 856 | 4 | 0 | |u https://elibrary.ru/title_about.asp?id=10600 |
| 942 | |c CR | ||
| 969 | |0 001RU\TPU\subscr\60 | ||